Cyriel Verschaeve, (Record no. 5809)

MARC details
000 -LEADER
fixed length control field 00683cam a22002291 4500
001 - CONTROL NUMBER
control field af 48003883
003 - CONTROL NUMBER IDENTIFIER
control field DLC
005 - DATE AND TIME OF LATEST TRANSACTION
control field 20260227110905.0
008 - FIXED-LENGTH DATA ELEMENTS--GENERAL INFORMATION
fixed length control field 890424s1942 be b 000 0bdut c
010 ## - LIBRARY OF CONGRESS CONTROL NUMBER
LC control number af 48003883
035 ## - SYSTEM CONTROL NUMBER
System control number (OCoLC)19591431
040 ## - CATALOGING SOURCE
Original cataloging agency California. Univ. Libr.
Transcribing agency CU
Modifying agency CU
-- DLC
042 ## - AUTHENTICATION CODE
Authentication code premarc
050 00 - LIBRARY OF CONGRESS CALL NUMBER
Classification number PT6458.V44
Item number Z7 1942
100 1# - MAIN ENTRY--PERSONAL NAME
Personal name Bussche, R. V. vanden.
245 00 - TITLE STATEMENT
Title Cyriel Verschaeve,
Remainder of title zijn levenshouding en zijn kunstenaarschap.
260 ## - PUBLICATION, DISTRIBUTION, ETC.
Place of publication, distribution, etc. Brugge,
Name of publisher, distributor, etc. Zeemeeuw,
Date of publication, distribution, etc. 1942.
300 ## - PHYSICAL DESCRIPTION
Extent 149 p.
Dimensions 25 cm.
500 ## - GENERAL NOTE
General note Issued also as thesis, Louvain.
504 ## - BIBLIOGRAPHY, ETC. NOTE
Bibliography, etc. note "Bibliographie": p. 145-149.
600 10 - SUBJECT ADDED ENTRY--PERSONAL NAME
Personal name Verschaeve, Cyriel,
Dates associated with a name 1874-1949.

No items available.

Powered by Koha